|
|
|
|
| LEADER |
03456nam a22004933i 4500 |
| 001 |
EBC6913596 |
| 003 |
MiAaPQ |
| 005 |
20231204023221.0 |
| 006 |
m o d | |
| 007 |
cr cnu|||||||| |
| 008 |
231204s2021 xx o ||||0 cze d |
| 020 |
|
|
|a 9788021097636
|q (electronic bk.)
|
| 020 |
|
|
|z 9788021097629
|
| 035 |
|
|
|a (MiAaPQ)EBC6913596
|
| 035 |
|
|
|a (Au-PeEL)EBL6913596
|
| 035 |
|
|
|a (OCoLC)1305846315
|
| 040 |
|
|
|a MiAaPQ
|b eng
|e rda
|e pn
|c MiAaPQ
|d MiAaPQ
|
| 100 |
1 |
|
|a Hanuš, Jiří.
|
| 245 |
1 |
0 |
|a Idea univerzity z české perspektivy :
|b Rozhovory s Jiřím Hanušem.
|
| 250 |
|
|
|a 1st ed.
|
| 264 |
|
1 |
|a Brno :
|b Masaryk University,
|c 2021.
|
| 264 |
|
4 |
|c {copy}2021.
|
| 300 |
|
|
|a 1 online resource (217 pages)
|
| 336 |
|
|
|a text
|b txt
|2 rdacontent
|
| 337 |
|
|
|a computer
|b c
|2 rdamedia
|
| 338 |
|
|
|a online resource
|b cr
|2 rdacarrier
|
| 490 |
1 |
|
|a Masaryk University Conversations ;
|v v.1
|
| 505 |
0 |
|
|a Intro -- OBSAH / TABLE OF CONTENTS -- Jiří Hanuš -- PREFACE -- PŘEDMLUVA -- Stanislav Balík -- ZŮSTALO V NÁS COSI Z HUMBOLDTOVA SVĚTA / SOMETHING FROM THEHUMBOLDTIAN WORLD IS STILLWITHIN US -- Petr Dvořák -- HLEDÁNÍ PRAVDY / THE SEARCH FOR TRUTH -- Petr Fiala -- VŠE ZKOUMEJTE, CO JE DOBRÉ, TOHO SE DRŽTE / EXAMINE EVERYTHING CAREFULLY -- HOLD FAST TO THAT WHICH IS GOOD -- Pavel Floss -- ZÁKLADNÍ VÝZKUM MÁ OBJEKTIVIZUJÍCÍ CHARAKTER / BASIC RESEARCH IS OBJECTIVIZING IN CHARACTER -- Petr Horák -- KONTAKT ŽIVÝCH OSOB / CONTACT WITH REAL PEOPLE -- Jakub Jirsa -- PANDEMIE KORONAVIRU PŮSOBÍ JAKO URYCHLOVAČ / THE CORONAVIRUS PANDEMIC ACTS AS AN ACCELERATOR -- Jiří Lach -- NEPŘEŽIJEME BEZ ZAHRANIČNÍCH IMPULSŮ / WE WON'T SURVIVE WITHOUT INSPIRATION FROM ABROAD -- Jiří Macháček -- POSTAVENÍ GARANTOVAT SVÝM VÝKONEM / A PERSON'S STANDING SHOULD DEPEND ON THEIR PERFORMANCE -- Tomáš Machula -- ZTRÁTA SEBEVĚDOMÍ ELIT? / THE 'DE-ELITIZATION'OF SOCIETY? -- Dominik Munzar -- DOBŘÍ STUDENTI VĚDÍ, KDO JE DOBRÝM UČITELEM / GOOD STUDENTS RECOGNISE A GOOD TEACHER -- Ivana Noble -- PÉČE O UNIVERZITNÍ KULTURU / PRESERVING UNIVERSITY CULTURE -- Jan Sokol -- SPECIFICKÁ SOUČÁST MÍSTNÍ KULTURY / A SPECIFIC PART OF LOCAL CULTURE -- Daniel Soukup -- JSEM ZASTÁNCEM PROFILACE VYSOKÝCH ŠKOL / I AM AN ADVOCATE OF UNIVERSITY PROFILING -- Kateřina Šimáčková -- MISTRA POZNÁŠ PODLE POČTU MISTRŮ, KTERÉ VYCHOVÁ / YOU RECOGNIZE A MASTERFROM THE NUMBER OF MASTERS HE HAS TRAINED -- JMENNÝ REJSTŘÍK / INDEX OF NAMES.
|
| 588 |
|
|
|a Description based on publisher supplied metadata and other sources.
|
| 590 |
|
|
|a Electronic reproduction. Ann Arbor, Michigan : ProQuest Ebook Central, 2023. Available via World Wide Web. Access may be limited to ProQuest Ebook Central affiliated libraries.
|
| 655 |
|
4 |
|a Electronic books.
|
| 700 |
1 |
|
|a Balík, Stanislav.
|
| 700 |
1 |
|
|a Dvořák, Petr.
|
| 700 |
1 |
|
|a Fiala, Petr.
|
| 700 |
1 |
|
|a Floss, Pavel.
|
| 700 |
1 |
|
|a Horák, Petr.
|
| 700 |
1 |
|
|a Jirsa, Jakub.
|
| 700 |
1 |
|
|a Lach, Jiří.
|
| 700 |
1 |
|
|a Macháček, Jiří.
|
| 700 |
1 |
|
|a Machula, Tomáš.
|
| 776 |
0 |
8 |
|i Print version:
|a Hanuš, Jiří
|t Idea univerzity z české perspektivy
|d Brno : Masaryk University,c2021
|z 9788021097629
|
| 797 |
2 |
|
|a ProQuest (Firm)
|
| 830 |
|
0 |
|a Masaryk University Conversations
|
| 856 |
4 |
0 |
|u https://ebookcentral.proquest.com/lib/matrademy/detail.action?docID=6913596
|z Click to View
|